Xuân Thiều toàn tập Tiểu thuyết T.3 Xuân Thiều toàn tập

Giới thiệu các tác phẩm văn học truyện ngắn, truyện vừa của Xuân Thiều

Tallennettuna:
Bibliografiset tiedot
Päätekijä: Xuân Thiều (1930-)
Muut tekijät: Ngô Vĩnh Bình (s.t., tuyển chọn, giới thiệu)
Aineistotyyppi: Kirja
Kieli:Vietnamese
Julkaistu: H. Văn học 2015
Aiheet:
Tagit: Lisää tagi
Ei tageja, Lisää ensimmäinen tagi!
Thư viện lưu trữ: Mạng thư viện Đại học Đà Nẵng
LEADER 01602aam a22004098a 4500
001 000023927
003 20380
005 20160509090525.0
008 160505s2015 viesd
020 |d 1000b 
041 0 |a vie 
082 0 4 |2 23  |a 895.9283409  |b XU-T 
100 0 |a Xuân Thiều  |e 1930-  |q Nguyễn Xuân Thiều 
245 1 0 |a Xuân Thiều toàn tập  |b Tiểu thuyết  |c Ngô Vĩnh Bình s.t., tuyển chọn, giới thiệu  |n T.3  |p Xuân Thiều toàn tập 
260 |a H.  |b Văn học  |c 2015 
300 |a 866 tr.  |c 21 cm. 
504 |a Thư mục cuối sách 
520 3 |a Giới thiệu các tác phẩm văn học truyện ngắn, truyện vừa của Xuân Thiều 
650 0 4 |2 Bộ TK TVQG  |a Tiểu thuyết Việt Nam  |x Văn học hiện đại 
651 7 |2 Bộ TK TVQG  |a Việt Nam 
653 |a Truyện ngắn Việt Nam 
653 |a Văn học hiện đại 
653 |a Xuân Thiều 
653 |a Truyện vừa 
655 7 |2 Bộ TK TVQG  |a Tiểu thuyết 
700 1 |a Ngô Vĩnh Bình  |e s.t., tuyển chọn, giới thiệu 
773 |d Văn học  |d H.  |d 2015  |t Xuân Thiều toàn tập  |w 20377 
OWN |a LSP 
AVA |a UDN50  |b LSP  |d 895.9283409 XU-T  |e available  |t Error 5001 Not defined in file expand_doc_bib_avail.  |f 4  |g 0  |h N  |i 0  |k 1 
999 |a From the UDN01 
AVA |a UDN50  |b LSP  |d 895.9283409 XU-T  |e available  |t Error 5001 Not defined in file expand_doc_bib_avail.  |f 4  |g 0  |h N  |i 0  |k 1 
TYP |a Monograph 
TYP |a Printed language 
980 |a Mạng thư viện Đại học Đà Nẵng